000 00254nam a2200109Ia 4500
008 230822s1999 xx 000 0 und d
041 _aeng
100 _aGHOSE D.N.
245 _aA BOOK OF HOME PLANS.
260 _bC.B.S PUBLISHERS
_c1999
300 _a229
999 _c855542
_d855542